02074naa a2200205 a 450000100080000000500110000800800410001902200140006010000180007424501750009226000090026752012130027665300300148965300180151965300160153770000140155370000130156770000150158077302730159511207672014-04-30 2013 bl uuuu u00u1 u #d a0100-89861 aPARIZOTTO, C. aConstru????o participativa de sistema de alimenta????o a pasto para bovino de leite na Microbacia do Rio Hip??lito, munic??pio de Campos Novos, SC.h[electronic resource] c2013 aO projeto foi desenvolvido em Campos Novos, SC, de mar??o de 2005 a maio de 2008, e se constituiu no desenvolvimento participativo de melhorias para a cadeia produti-va do leite na Microbacia do Rio Hip??lito, desde o diagn??stico at?? a avalia????o de tecnologias propostas. O trabalho tamb??m teve o intuito de capacitar a equipe regional da Epagri, composta por extensionistas e pesquisadores, e agricultores na metodologia de avalia????o participativa. O trabalho se iniciou com a prospec????o das prioridades levantadas pelos agricultores nos planos de desenvolvimento de microbacias da regi??o, assim como de desenvolvimento de munic??pios. Na sequ??ncia, foram realizados encontros na comunidade para definir a estrat??gia de estudo e os potenciais colaboradores diretos. Passou-se, ent??o, para o levantamento de informa????es t??cnicas em outras regi??es, o que resultou na realiza????o de tr??s estudos espec??ficos: um relacionado ao melhoramento da pastagem nativa (aplica????o de calc??rio e aduba????o), um voltado ?? introdu????o de esp??cies perenes de pastagens melhoradas de ver??o, e um para estudar o uso de alimentos da propriedade para suplementa????o alimentar das vacas em lacta????o. aAprendizado participativo aleite a pasto amicrobacias1 aVEIGA, M.1 aRECK, V.1 aPRONER, M. tIn: BENEZ, M.C.; G??MEZ, C.U.; PINHEIRO, S.L.G.; SIMON, A. Pesquisa-Extens??o e Aprendizagem Participativas (PEAP): A forma????o de equipes interinstitucionais e a implementa????o de dez experi??ncias-piloto em Santa Catarina. Florian??polis: Epagri, 2013. p. 115-124.